000 00352nam a22001457a 4500
008 210311b ||||| |||| 00| 0 eng d
020 _a0205069053
041 _aeng
080 _22nd
_a311
082 _22nd
_a311
100 _a55
101 _aSTA
245 _aDescriptive and Inferential Statistics-An Introduction
_cLoether,J.H
942 _2udc
_cBK
999 _c56462
_d56462